000 00369nam a2200145Ia 4500
005 20240807062640.0
008 240806s9999||||xx |||||||||||||| ||eng||
041 _aeng
100 _aIndra, Indra Pal Singh
245 0 _aDronacharya /
_cIndra, Indra Pal Singh
260 _bVageeshwari Prakashan, Jaipur
300 _a146p.
650 _aGeneral Studies
942 _cBK
999 _c25350
_d25350